Antología de la "Beat Generation" / (Record no. 24352)

MARC details
000 -LEADER
campo de control de longitud fija 00777nam a2200229 i 4500
001 - NÚMERO DE CONTROL
campo de control 24352
003 - IDENTIFICADOR DE NÚMERO DE CONTROL
campo de control ES-MaACL
005 - FECHA Y HORA DE LA ÚLTIMA TRANSACCIÓN
campo de control 20250803114938.0
007 - CAMPO FIJO DE DESCRIPCIÓN FÍSICA--INFORMACIÓN GENERAL
campo de control de longitud fija t|
008 - DATOS DE LONGITUD FIJA--INFORMACIÓN GENERAL
campo de control de longitud fija 021217s1970 sp ||||1| spa d
245 00 - MENCIÓN DEL TÍTULO
Título Antología de la "Beat Generation" /
Mención de responsabilidad, etc. M.R. Barnatán ; selecciones de poesía universal.
260 ## - PUBLICACIÓN, DISTRIBUCIÓN, ETC.
Lugar de publicación, distribución, etc. Barcelona :
Nombre del editor, distribuidor, etc. Plaza & Janés,
Fecha de publicación, distribución, etc. [1970]
300 ## - DESCRIPCIÓN FÍSICA
Extensión 175 p. ;
Dimensiones 20 cm.
500 ## - NOTA GENERAL
Nota general Texto bilingüe.
650 #0 - PUNTO DE ACCESO ADICIONAL DE MATERIA--TÉRMINO DE MATERIA
9 (RLIN) 227278
Término de materia o nombre geográfico como elemento de entrada Literatura norteamericana
Subdivisión cronológica S. XX
650 #0 - PUNTO DE ACCESO ADICIONAL DE MATERIA--TÉRMINO DE MATERIA
9 (RLIN) 226243
Término de materia o nombre geográfico como elemento de entrada Generación Beat-
Subdivisión general Historia y crítica
700 1# - ENTRADA AGREGADA--NOMBRE PERSONAL
Nombre de persona Barnatán, Marcos Ricardo.
9 (RLIN) 25710
852 ## - LOCALIZACIÓN
Ubicación ES-MaACL
Número de control de estantería C-39925
Sublocalización o colección R.74450
942 ## - ELEMENTOS DE ENTRADA SECUNDARIOS (KOHA)
Fuente del sistema de clasificación o colocación Clasificación decimal universal
Tipo de ítem Koha Libro impreso
Suprimir en OPAC No
Holdings
Estatus retirado Estado de pérdida Estado de daño No para préstamo Biblioteca de origen Biblioteca actual Ubicación en estantería Fecha de adquisición Fuente de adquisición Total de préstamos Signatura topográfica completa Código de barras Fecha de vencimiento Visto por última vez Fecha del último préstamo Precio de reemplazo Tipo de ítem Koha
        Biblioteca del Ateneo de Madrid Biblioteca del Ateneo de Madrid Depósito 2 17/01/2008   1 C-39925 1025110 13/10/2026 15/04/2026 15/04/2026 23/02/2023 Libro impreso